|
|
|
|
| LEADER |
00000nam a2200000 a 4500 |
| 001 |
vtls001387339 |
| 003 |
SK-MaSNL |
| 005 |
20260301161523.0 |
| 008 |
160415s1999 xo 0 slo |
| 015 |
|
|
|a SNBG2000/02-00614
|
| 035 |
|
|
|a SNK000341530
|
| 040 |
|
|
|a SNK
|b slo
|c SNK
|e AACR2
|
| 041 |
0 |
|
|a slo
|
| 044 |
|
|
|a xo
|c SK
|
| 080 |
|
|
|a 635.91(058)"2000"
|2 1981
|
| 245 |
1 |
|
|a Kytice 2000
|h grafika
|c zostavenie a grafické riešenie Milan Rosa, fotografie Soňa Hevessyová
|
| 260 |
|
|
|a Bratislava
|b Nezávislosť
|c [1999]
|
| 300 |
|
|
|a [1] listov
|b fotogr.
|c 36x32 cm
|
| 500 |
|
|
|a Tlač obojs.
|
| 650 |
0 |
7 |
|a kvety
|y 2000
|x kalendáre nástenné
|2 SNK
|9 524657
|
| 700 |
0 |
|
|a Rosa, Milan
|4 com
|9 9286
|
| 700 |
1 |
|
|a Havessyová, Soňa
|4 fot
|9 295141
|
| 958 |
|
|
|a GKH
|
| 958 |
|
|
|a TL
|
| 999 |
|
|
|c 809798
|d 811728
|
| 952 |
|
|
|t P60, <03>, [BOOK], {603}
|a SNK
|b SNK
|y PREZ
|7 0
|p 17A0236381
|o snkOSA 532
|i snkKSP 4145/2000
|0 0
|1 0
|4 0
|d 2000-04-19
|l 0
|r 2005-01-02 00:00:00
|w 2026-02-24
|
| 952 |
|
|
|t P60, <04>, [BOOK], {604}
|a SNK
|b SNK
|y VYP
|7 0
|p 17A0236382
|o snkOSA 532 D1
|i snkKSP 4146/2000
|0 0
|1 0
|4 0
|d 2000-04-19
|l 0
|r 2005-01-02 00:00:00
|w 2026-02-24
|